000 00513nam a22001697a 4500
003 NUST
038 _aNusrat Nadeem
082 _a200
100 _aAmjad, Haadia
_9120202
245 _aGENERATIVE AI FOR SIGNATURE SPOOFING/
_cHaadia Amjad,
264 _aIslamabad,
_bSEECS NUST,
_c2023.
300 _aill:
_b69,p:
_c30,cm.
650 _aMS-Computer Science
_926780
700 _aSupervisor: Dr. Muhammad Imran Malik
_996855
856 _u http://10.250.8.41:8080/xmlui/handle/123456789/39428
942 _2ddc
_cSC
999 _c607606
_d607606